Τουρισμός, Τουριστική Ανάπτυξη / Συμβολές Ελλήνων Επιστημόνων (Record no. 9660)
[ view plain ]
| 000 -LEADER | |
|---|---|
| fixed length control field | 02242cam a22002054a 4500 |
| 005 - ΗΜΕΡΟΜΗΝΙΑ ΚΑΙ ΩΡΑ ΤΕΛΕΥΤΑΙΑΣ ΕΝΗΜΕΡΩΣΗΣ | |
| Πεδίο ελέγχου | 20250605163718.0 |
| 008 - FIXED-LENGTH DATA ELEMENTS--GENERAL INFORMATION | |
| Πεδίο ελέγχου σταθερού μήκους | 250528s ||||||||||||||||||||||||d |
| 035 ## - SYSTEM CONTROL NUMBER | |
| System control number | 24815 |
| 020 ## - ISBN | |
| ISBN | 9789600233094 |
| 040 ## - ΠΗΓΗ ΚΑΤΑΛΟΓΟΓΡΑΦΗΣΗΣ | |
| Φορέας πρωτότυπης καταλογογράφησης | MC Athens Campus Library |
| Γλώσσα καταλογογράφησης | Ελληνικά, Μοντέρνα (1453-) |
| Modifying agency | MC Athens Campus Library |
| Κανόνες περιγραφικής καταλογογράφησης | AACR2 |
| 245 1# - ΤΙΤΛΟΣ ΚΑΙ ΔΗΛΩΣΗ ΥΠΕΥΘΥΝΟΤΗΤΑΣ | |
| Τίτλος | Τουρισμός, Τουριστική Ανάπτυξη / Συμβολές Ελλήνων Επιστημόνων |
| 260 ## - PUBLICATION, DISTRIBUTION, ETC. | |
| Name of publisher, distributor, etc. | American Psychological Association, |
| Date of publication, distribution, etc. | 2017 |
| 300 ## - PHYSICAL DESCRIPTION | |
| Extent | 840 |
| 520 ## - SUMMARY, ETC. | |
| Summary, etc. | Πρόλογος, Πολιτικές και Αναπτυξιακές Διαστάσεις του Τουρισμού και των Τουριστικών Προορισμών, Τουριστική Ανάπτυξη, Τουριστική Πολιτική, Σχεδιασμός Τουρισμού και Προορισμών, Οικονομική Τουρισμού και Τουριστικών Προϊόντων, Πολιτιστικός και Γαστρονομικός και Οινοτουρισμός Ευεξίας, Επαγγελματικός Τουρισμός (Business Tourism), Τουρισμός Υπαίθρου και Αθλητικός Οικοτουρισμός, Μάρκετινγκ Τουρισμού και Τουριστικών Προορισμών, Οργανωτικές και Λειτουργικές και Κοινωνικές Διαστάσεις του Τουρισμού και των Τουριστικών Επιχειρήσεων, Οικονομική Διοίκηση και Λειτουργία Ξενοδοχείων και Εκδηλώσεων (Events), Διοίκηση Ανθρωπίνων Πόρων, Κοινωνιολογικές κλαι Ανθρωπολογικές Διαστάσεις στον Τουρισμό, Θεσμικές και Καταναλωτικές Διαστάσεις του Τουρισμο΄΄υ, Τεχνολογικές Εφαρμογές στον Τουρισμό και τις Τουριστικές Επιχειρήσεις, Μάρκετινγκ Ξενοδοχείων και Προϊόντων Τουρισμού, Βιογραφικά Συγγραφέων. |
| 700 1# - ΠΡΟΣΘΕΤΗ ΑΝΑΓΡΑΦΗ--ΦΥΣΙΚΟ ΠΡΟΣΩΠΟ | |
| Personal name | Λύτρας Περικλής |
| 700 1# - ΠΡΟΣΘΕΤΗ ΑΝΑΓΡΑΦΗ--ΦΥΣΙΚΟ ΠΡΟΣΩΠΟ | |
| Personal name | Τσαρτάς Πάρις |
| 942 ## - ADDED ENTRY ELEMENTS (KOHA) | |
| Koha item type | Books |
| Τύπος τεκμηρίου | Βιβλιοθήκη | Τρέχουσα τοποθεσία | Barcode | Αριθμός εισαγωγής | Ημερομηνία απόκτησης | Ταξιθετικό σύμβολο | Αριθμός αντιτύπου | Κατάσταση απόσυρσης | Κατάσταση χαμένου | Κατάσταση κατεστραμμένου | Μη δανεισμός | Σύνολο δανεισμών | Ημερομηνία τελευταίας εμφάνισης | Η τιμή ισχύει από |
|---|---|---|---|---|---|---|---|---|---|---|---|---|---|---|
| Books | MC Athens Campus Library | MC Athens Campus Library | 9780000096593 | 7760 | 05/06/2025 | 338.4791 TSA | 1 | 05/06/2025 | 05/06/2025 |